Catálogo

EDUCACIÓN PARA LA SALUD (Registro nro. 29704)

Detalles MARC
000 -LEADER
fixed length control field 00423nam a2200169 a 4500
001 - CONTROL NUMBER
control field 29704
005 - DATE AND TIME OF LATEST TRANSACTION
control field 20180713232811.0
008 - FIXED-LENGTH DATA ELEMENTS--GENERAL INFORMATION
fixed length control field 140415s1993 mx 000 0 spa d
020 ## - INTERNATIONAL STANDARD BOOK NUMBER
International Standard Book Number 96825119919
041 ## - LANGUAGE CODE
Language code of text/sound track or separate title spa
082 ## - DEWEY DECIMAL CLASSIFICATION NUMBER
Classification number 370
Item number VAR
100 1# - MAIN ENTRY--PERSONAL NAME
Personal name VARGAS V. PALACIOS, A.
245 10 - TITLE STATEMENT
Title EDUCACIÓN PARA LA SALUD
250 ## - EDITION STATEMENT
Edition statement 1ª EDICIÓN
260 ## - PUBLICATION, DISTRIBUTION, ETC.
Place of publication, distribution, etc. MEXICO :
Name of publisher, distributor, etc. MC GRAW HILL,
Date of publication, distribution, etc. 1993
520 ## - SUMMARY, ETC.
Summary, etc. CG
Existencias
Withdrawn status Lost status Source of classification or shelving scheme Damaged status Not for loan Collection code Home library Current library Shelving location Date acquired Source of acquisition Total Checkouts Full call number Barcode Price effective from Koha item type
    Dewey Decimal Classification     General Tehuacán Tehuacán Sala general 03/12/2013 Compra   370 VAR 503864 03/12/2013 Libro